Colorado Rapids Best Scorer By Year - Statistics

General Stats
  • This quiz has been taken 20 times
    6 since last reset
  • The average score is 11 of 25
Answer Stats
Player % Correct
Diego Rubio
83%
Conor Casey
67%
Rafael Navarro
67%
Cole Bassett
50%
Cole Bassett
50%
Deshorn Brown
50%
Jeff Cunningham
50%
John Spencer
50%
Jovan Kirovski
50%
Paul Bravo
50%
Chris Carrieri
33%
Dominique Badji
33%
Jaime Castrillón
33%
Jean Harbor
33%
Jean Philippe Peguero
33%
Jeff Larentowicz
33%
Jonathan Lewis
33%
Jorge Dely Valdés
33%
Junior Agogo
33%
Kei Kamara
33%
Kevin Doyle
33%
Michael Barrios
33%
Nicolás Hernández
33%
Shkëlzen Gashi
33%
Wolde Harris
33%
No matching quizzes found
Score Distribution
Percent of People with Each Score
Percentile by Number Answered
Your Score History
You have not taken this quiz since the last reset